Trivia over Zeeland - Statistieken

Algemene statistieken
  • Deze quiz is 63 keer genomen
  • De gemiddelde score is 7 van 10
Antwoordstatistieken
Hint Antwoord % Correct
Hoofdstad van Zeeland Middelburg
100%
Grootste Stad in Zeeland Middelburg
100%
Land vernoemd naar Zeeland Nieuw-Zeeland
90%
Aangrenzende Nederlandse provincie Zuid-Holland
88%
Aangrenzende Nederlandse provincie Noord-Brabant
84%
Aangrenzende Belgische provincie Antwerpen
76%
Grootste partij in de provinciale staten (2015) CDA
69%
Aangrenzende Belgische provincie West-Vlaanderen
63%
Aangrenzende Belgische provincie Oost-Vlaanderen
59%
Grootte van Zeeland (in km²) 2930
8%
Geen overeenkomende quizzen gevonden
Scoreverdeling
Procent van Mensen met Elke Score
Percentiel versus Aantal Correcte Antwoorden
Uw Scoregeschiedenis
U heeft deze quiz nog niet genomen